[Event "HUN-chT2 Erkel 1617"]
[Site "Hungary"]
[Date "2017.03.12"]
[Round "10.4"]
[White "Kerek, Csaba"]
[Black "Bakos, Levente"]
[Result "1-0"]
[WhiteElo "2314"]
[BlackElo "2128"]
[PlyCount "111"]
[EventDate "2016.09.25"]
[EventType "team-tourn"]
[EventRounds "11"]
[EventCountry "HUN"]
[SourceTitle "EXT 2021"]
[Source "ChessBase"]
[SourceDate "2020.10.23"]
[SourceVersion "1"]
[SourceVersionDate "2020.10.23"]
[SourceQuality "1"]
[WhiteTeam "Szigetszentmiklos"]
[BlackTeam "Andornaktalya"]
[WhiteTeamCountry "HUN"]
[BlackTeamCountry "HUN"]

1. d4 d5 2. Nf3 c5 3. c4 e6 4. cxd5 exd5 5. g3 Nc6 6. Bg2 Nf6 7. 0-0 Be7 8. Nc3 0-0 9. dxc5 Bxc5 10. Bg5 d4 11. Bxf6 Qxf6 12. Ne4 Qe7 13. Nxc5 Qxc5 14. Rc1 Qb6 15. Qc2 h6 16. Rfd1 Be6 17. b3 a5 18. Rd2 Qb4 19. Ne1 a4 20. Nd3 axb3 21. Nxb4 bxc2 22. Bxc6 bxc6 23. Rcxc2 Rfc8 24. Nxc6 Rc7 25. Nxd4 Rxc2 26. Rxc2 Bxa2 27. f3 h5 28. Kf2 g6 29. e4 Ra4 30. Ke3 Kg7 31. Rc3 Ra7 32. h4 f6 33. Kf4 Bf7 34. Rc5 Ra4 35. Nc6 Ra1 36. Ra5 Rc1 37. Nb4 Rc7 38. Ra6 Rc4 39. Rb6 Rd4 40. Rb7 Kf8 41. Ke3 Rd6 42. Nd3 Re6 43. Rc7 Re7 44. Rxe7 Kxe7 45. e5 fxe5 46. Nxe5 Be8 47. Kf4 Kf6 48. Nc4 Bb5 49. Nd6 Bc6 50. Ne4+ Kf7 51. Kg5 Kg7 52. Nd2 Bd5 53. f4 Kf7 54. Nf1 Be4 55. Ne3 Kg7 56. Nc4 1-0

[Event "HUN-chT2 Erkel 1617"]
[Site "Hungary"]
[Date "2016.12.11"]
[Round "6.5"]
[White "Kerek, Csaba"]
[Black "Goblyos, Gyorgy"]
[Result "1-0"]
[WhiteElo "2314"]
[BlackElo "2121"]
[PlyCount "87"]
[EventDate "2016.09.25"]
[EventType "team-tourn"]
[EventRounds "11"]
[EventCountry "HUN"]
[SourceTitle "EXT 2021"]
[Source "ChessBase"]
[SourceDate "2020.10.23"]
[SourceVersion "1"]
[SourceVersionDate "2020.10.23"]
[SourceQuality "1"]
[WhiteTeam "Szigetszentmiklos"]
[BlackTeam "Budapest MAFC"]
[WhiteTeamCountry "HUN"]
[BlackTeamCountry "HUN"]

1. d4 g6 2. c4 Bg7 3. Nc3 d6 4. Nf3 Nd7 5. g3 Ngf6 6. Bg2 c6 7. 0-0 0-0 8. e4 e5 9. d5 c5 10. Ne1 a6 11. Nd3 h6 12. Be3 Rb8 13. a4 Kh7 14. f4 Qe7 15. Kh1 h5 16. f5 Ng4 17. Bd2 Ndf6 18. h3 Nh6 19. Bg5 Qe8 20. Qe2 Bd7 21. Rf2 b5 22. axb5 axb5 23. Raf1 Nhg8 24. b3 bxc4 25. bxc4 Rb3 26. Nd1 Qa8 27. Ne3 Qa3 28. Ne1 Bc8 29. g4 Rc3 30. Bf3 Bh6 31. Bxh6 Kxh6 32. g5+ Kxg5 33. N1c2 Rxc2 34. Nxc2 Qc3 35. Bg2 Kh6 36. Rf3 Qb2 37. Qd2+ Kg7 38. Ra3 Bb7 39. Rd1 Bc8 40. Ra7 Nh7 41. fxg6 Kxg6 42. Rg1 Kg7 43. Bf3+ Kh8 44. Qg2 1-0

[Event "HUN-chT2 Maroczy 1516"]
[Site "Hungary"]
[Date "2016.04.03"]
[Round "8.2"]
[White "Kun, Gabor"]
[Black "Kerek, Csaba"]
[Result "1/2-1/2"]
[WhiteElo "2339"]
[BlackElo "2306"]
[PlyCount "68"]
[EventDate "2015.10.18"]
[EventType "team-tourn"]
[EventRounds "9"]
[EventCountry "HUN"]
[SourceTitle "EXT 2017"]
[Source "ChessBase"]
[SourceDate "2016.10.25"]
[SourceVersion "1"]
[SourceVersionDate "2016.10.25"]
[SourceQuality "1"]
[WhiteTeam "Magyar Sakkvilag"]
[BlackTeam "Szigetszentmiklos"]
[WhiteTeamCountry "HUN"]
[BlackTeamCountry "HUN"]

1. e4 c5 2. c3 d5 3. exd5 Qxd5 4. d4 Nf6 5. Nf3 Bg4 6. Nbd2 e6 7. Bc4 Qd6 8. Qb3 Nc6 9. Qxb7 Rb8 10. Qa6 cxd4 11. Bb5 Bxf3 12. Nxf3 Rb6 13. Qa4 dxc3 14. bxc3 Nd7 15. 0-0 a6 16. Be2 Nc5 17. Qc4 Be7 18. Rd1 Qc7 19. Bf4 Qc8 20. Be3 Na5 21. Qg4 0-0 22. Ne5 Rd8 23. Qh5 g6 24. Qf3 Rxd1+ 25. Rxd1 f5 26. h4 Rd6 27. Rb1 Ne4 28. Bd3 Qxc3 29. Bxe4 Qxe5 30. Bc2 Qc3 31. Bb3 Nxb3 32. Rxb3 Qc6 33. Rb8+ Kg7 34. Qe2 Qd5 1/2-1/2

[Event "HUN-chT2 Maroczy 1516"]
[Site "Hungary"]
[Date "2016.03.20"]
[Round "7.2"]
[White "Kerek, Csaba"]
[Black "Emodi, Barnabas"]
[Result "1-0"]
[WhiteElo "2306"]
[BlackElo "2363"]
[PlyCount "72"]
[EventDate "2015.10.18"]
[EventType "team-tourn"]
[EventRounds "9"]
[EventCountry "HUN"]
[SourceTitle "EXT 2017"]
[Source "ChessBase"]
[SourceDate "2016.10.25"]
[SourceVersion "1"]
[SourceVersionDate "2016.10.25"]
[SourceQuality "1"]
[WhiteTeam "Szigetszentmiklos"]
[BlackTeam "Penzugyor"]
[WhiteTeamCountry "HUN"]
[BlackTeamCountry "HUN"]

1. d4 Nf6 2. Nf3 e6 3. c4 b6 4. a3 Bb7 5. Nc3 d5 6. Bg5 Be7 7. Qa4+ c6 8. Bxf6 Bxf6 9. cxd5 exd5 10. g3 0-0 11. Bg2 Nd7 12. 0-0 a5 13. Rfe1 Be7 14. e4 b5 15. Qc2 b4 16. Na4 Rc8 17. Nc5 Nxc5 18. dxc5 dxe4 19. Rad1 Qc7 20. Qxe4 Bxc5 21. Ng5 g6 22. Qh4 h5 23. Qc4 Be7 24. Ne6 fxe6 25. Qxe6+ Rf7 26. Qxg6+ Rg7 27. Qe6+ Rf7 28. Rd7 Qxd7 29. Qxd7 Bc5 30. Re8+ Kg7 31. Qe6 Bxf2+ 32. Kh1 Rxe8 33. Qxe8 Bd4 34. axb4 axb4 35. Bxc6 Ba6 36. h4 Bxb2 1-0

[Event "HUN-chT2 Maroczy 1516"]
[Site "Hungary"]
[Date "2016.02.28"]
[Round "6.1"]
[White "Kerek, Csaba"]
[Black "Ilincic, Zlatko"]
[Result "0-1"]
[WhiteElo "2306"]
[BlackElo "2407"]
[PlyCount "49"]
[EventDate "2015.10.18"]
[EventType "team-tourn"]
[EventRounds "9"]
[EventCountry "HUN"]
[SourceTitle "EXT 2017"]
[Source "ChessBase"]
[SourceDate "2016.10.25"]
[SourceVersion "1"]
[SourceVersionDate "2016.10.25"]
[SourceQuality "1"]
[WhiteTeam "Szigetszentmiklos"]
[BlackTeam "Toth Laszlo"]
[WhiteTeamCountry "HUN"]
[BlackTeamCountry "HUN"]

1. d4 Nf6 2. Nf3 g6 3. c4 Bg7 4. Nc3 0-0 5. e4 d6 6. Be2 e5 7. dxe5 dxe5 8. Qxd8 Rxd8 9. Bg5 Re8 10. Nd5 Nxd5 11. cxd5 c6 12. Bc4 b5 13. Bb3 a5 14. dxc6 Nxc6 15. Bd5 Ra6 16. a3 Be6 17. Bxe6 Rxe6 18. Rc1 Bf8 19. Ke2 f5 20. exf5 gxf5 21. Rhd1 Rg6 22. Bh4 Bg7 23. Rd7 e4 24. Nd2 Bxb2 25. Rb1 0-1

[Event "Budapest-chT1 Lilienthal 1516"]
[Site "Budapest"]
[Date "2015.09.20"]
[Round "1"]
[White "Kerek, Csaba"]
[Black "Tornai, Imre"]
[Result "1-0"]
[WhiteElo "2300"]
[BlackElo "2162"]
[PlyCount "93"]
[EventDate "2015.09.20"]
[EventType "team-tourn"]
[EventRounds "9"]
[EventCountry "HUN"]
[SourceTitle "EXT 2021"]
[Source "ChessBase"]
[SourceDate "2020.10.23"]
[SourceVersion "1"]
[SourceVersionDate "2020.10.23"]
[SourceQuality "1"]
[WhiteTeam "Barcza GSC"]
[BlackTeam "Budapest Ujpest KSE"]
[WhiteTeamCountry "HUN"]
[BlackTeamCountry "HUN"]

1. d4 Nf6 2. c4 e6 3. Nf3 Bb4+ 4. Nbd2 b6 5. g3 Bb7 6. Bg2 0-0 7. a3 Bxd2+ 8. Bxd2 d6 9. 0-0 Nbd7 10. b4 Be4 11. Qb3 Qe7 12. Rfe1 Rfd8 13. Bc3 Rdc8 14. Bb2 c6 15. Bf1 h6 16. Nd2 d5 17. Nxe4 Nxe4 18. Rad1 f5 19. f3 Nd6 20. c5 Nc4 21. Bc1 b5 22. e4 Qf7 23. Bxc4 bxc4 24. Qe3 Re8 25. exf5 exf5 26. Qf4 Rxe1+ 27. Rxe1 Re8 28. Rxe8+ Qxe8 29. Kf2 Qe6 30. Be3 Kh7 31. Qc7 Nf6 32. a4 a6 33. Bf4 c3 34. Qe5 Qd7 35. Qe3 g5 36. Be5 Nh5 37. Qxc3 Kg6 38. b5 axb5 39. axb5 Qb7 40. b6 Nf6 41. Bxf6 Kxf6 42. Qa5 Qe7 43. Qa7 Qe8 44. b7 f4 45. gxf4 gxf4 46. Qa6 Kg5 47. Qe2 1-0

[Event "HUN-chT 1415"]
[Site "Hungary"]
[Date "2015.04.26"]
[Round "9.1"]
[White "Izsak, Gyula"]
[Black "Kerek, Csaba"]
[Result "1/2-1/2"]
[WhiteElo "2444"]
[BlackElo "2338"]
[PlyCount "52"]
[EventDate "2014.10.12"]
[EventType "team-tourn"]
[EventRounds "9"]
[EventCountry "HUN"]
[SourceTitle "EXT 2016"]
[Source "ChessBase"]
[SourceDate "2015.10.08"]
[SourceVersion "1"]
[SourceVersionDate "2015.10.08"]
[SourceQuality "1"]
[WhiteTeam "MLTC"]
[BlackTeam "Szigetszentmiklos"]
[WhiteTeamCountry "HUN"]
[BlackTeamCountry "HUN"]

1. d4 Nf6 2. c4 a6 3. Nc3 c5 4. dxc5 e6 5. Bf4 Bxc5 6. e3 0-0 7. Bd6 Bxd6 8. Qxd6 Qa5 9. Qd2 d5 10. cxd5 exd5 11. Nf3 Nc6 12. Nd4 Be6 13. Be2 Rac8 14. 0-0 Ne5 15. Ne4 Qxd2 16. Nxd2 Nc4 17. Nxc4 dxc4 18. Nxe6 fxe6 19. Bf3 Rc5 20. Rfd1 Rfc8 21. Rac1 R8c7 22. Rc2 Kf7 23. Kf1 Ke7 24. Rdc1 b5 25. Ke1 e5 26. a3 e4 1/2-1/2

[Event "HUN-chT 1415"]
[Site "Hungary"]
[Date "2015.03.01"]
[Round "7.1"]
[White "Farago, Ivan"]
[Black "Kerek, Csaba"]
[Result "1-0"]
[WhiteElo "2430"]
[BlackElo "2338"]
[PlyCount "39"]
[EventDate "2014.10.12"]
[EventType "team-tourn"]
[EventRounds "9"]
[EventCountry "HUN"]
[SourceTitle "EXT 2016"]
[Source "ChessBase"]
[SourceDate "2015.10.08"]
[SourceVersion "1"]
[SourceVersionDate "2015.10.08"]
[SourceQuality "1"]
[WhiteTeam "Dunaharaszti"]
[BlackTeam "Szigetszentmiklos"]
[WhiteTeamCountry "HUN"]
[BlackTeamCountry "HUN"]

1. d4 Nf6 2. c4 e6 3. Nf3 b6 4. g3 Bb7 5. Bg2 Bb4+ 6. Bd2 Qe7 7. 0-0 Bxd2 8. Qxd2 0-0 9. Nc3 Ne4 10. Nxe4 Bxe4 11. Qf4 d5 12. cxd5 exd5 13. Rac1 Na6 14. Rc6 Rac8 15. Rfc1 Qb4 16. b3 Qb5 17. Bh3 Nb4 18. Rxc7 Rxc7 19. Rxc7 Qxe2 20. Qxf7+ 1-0

[Event "HUN-chT 1415"]
[Site "Hungary"]
[Date "2015.02.08"]
[Round "6.1"]
[White "Antal, Gergely"]
[Black "Kerek, Csaba"]
[Result "1-0"]
[WhiteElo "2524"]
[BlackElo "2338"]
[PlyCount "35"]
[EventDate "2014.10.12"]
[EventType "team-tourn"]
[EventRounds "9"]
[EventCountry "HUN"]
[SourceTitle "EXT 2016"]
[Source "ChessBase"]
[SourceDate "2015.10.08"]
[SourceVersion "1"]
[SourceVersionDate "2015.10.08"]
[SourceQuality "1"]
[WhiteTeam "Penzugyor"]
[BlackTeam "Szigetszentmiklos"]
[WhiteTeamCountry "HUN"]
[BlackTeamCountry "HUN"]

1. e4 Nf6 2. e5 Nd5 3. d4 d6 4. c4 Nb6 5. exd6 exd6 6. h3 Be7 7. Nf3 0-0 8. Be2 Bf6 9. 0-0 Re8 10. Nc3 Nc6 11. Be3 Bf5 12. b3 h6 13. Rc1 Qe7 14. Qd2 Rad8 15. Nd5 Nxd5 16. cxd5 Nb8 17. Qa5 c6 18. dxc6 1-0

[Event "HUN-chT 1415"]
[Site "Hungary"]
[Date "2014.12.14"]
[Round "4.2"]
[White "Prohaszka, Peter"]
[Black "Kerek, Csaba"]
[Result "1-0"]
[WhiteElo "2588"]
[BlackElo "2338"]
[PlyCount "93"]
[EventDate "2014.10.12"]
[EventType "team-tourn"]
[EventRounds "9"]
[EventCountry "HUN"]
[SourceTitle "EXT 2016"]
[Source "ChessBase"]
[SourceDate "2015.10.08"]
[SourceVersion "1"]
[SourceVersionDate "2015.10.08"]
[SourceQuality "1"]
[WhiteTeam "Aquaprofit"]
[BlackTeam "Szigetszentmiklos"]
[WhiteTeamCountry "HUN"]
[BlackTeamCountry "HUN"]

1. Nf3 Nf6 2. g3 d5 3. Bg2 c6 4. c4 g6 5. b3 Bg7 6. Bb2 0-0 7. 0-0 Bf5 8. d3 Re8 9. Nbd2 Nbd7 10. Nd4 Nf8 11. Nxf5 gxf5 12. Nf3 Ng6 13. Qc1 e6 14. Rd1 a5 15. a3 Qd6 16. Rb1 f4 17. e4 fxe3 18. Qxe3 e5 19. Qg5 Rad8 20. cxd5 Nxd5 21. Qf5 Nc7 22. Ng5 Qd7 23. Qf3 Nb5 24. Qh5 h6 25. Ne4 Nd4 26. Bh3 Qd5 27. Bc1 Rd6 28. Nxd6 Qxd6 29. Bxh6 Bxh6 30. Qxh6 Ne2+ 31. Kf1 Nc3 32. Bf5 Nxb1 33. Rxb1 e4 34. Qe3 Qxa3 35. Bxg6 fxg6 36. dxe4 Qb4 37. Re1 a4 38. bxa4 Qxa4 39. Kg2 Qc4 40. h4 b5 41. h5 Qf7 42. Qg5 Re6 43. hxg6 Rxg6 44. Qd8+ Qf8 45. Qxf8+ Kxf8 46. Rc1 Re6 47. f4 1-0

[Event "HUN-chT2 Maroczy 1314"]
[Site "Hungary"]
[Date "2014.03.02"]
[Round "8"]
[White "Joo, Janos"]
[Black "Kerek, Csaba"]
[Result "0-1"]
[WhiteElo "2078"]
[BlackElo "2331"]
[PlyCount "52"]
[EventDate "2013.09.08"]
[EventType "team-tourn"]
[EventRounds "11"]
[EventCountry "HUN"]
[SourceTitle "EXT 2016"]
[Source "ChessBase"]
[SourceDate "2015.10.08"]
[SourceVersion "1"]
[SourceVersionDate "2015.10.08"]
[SourceQuality "1"]
[WhiteTeam "Mako II"]
[BlackTeam "Szigetszentmiklos"]
[WhiteTeamCountry "HUN"]
[BlackTeamCountry "HUN"]

1. c4 Nf6 2. Nc3 g6 3. e4 d6 4. d4 Bg7 5. Nf3 0-0 6. Be2 Na6 7. 0-0 c6 8. h3 Qc7 9. Be3 e5 10. d5 c5 11. a3 Ne8 12. Ne1 f5 13. f3 f4 14. Bf2 h5 15. Nd3 g5 16. Nb5 Qe7 17. b4 b6 18. a4 Nf6 19. Be1 g4 20. bxc5 dxc5 21. hxg4 hxg4 22. fxg4 Nxe4 23. Ra3 Bd7 24. Bf3 Ng3 25. Bxg3 fxg3 26. Re1 Rf6 0-1

[Event "Budapest-chT1 Lilienthal 1314"]
[Site "Budapest"]
[Date "2014.02.09"]
[Round "7"]
[White "Kerek, Csaba"]
[Black "Koczo, Kristof"]
[Result "0-1"]
[WhiteElo "2331"]
[BlackElo "2265"]
[PlyCount "110"]
[EventDate "2013.09.29"]
[EventType "team-tourn"]
[EventRounds "11"]
[EventCountry "HUN"]
[SourceTitle "EXT 2021"]
[Source "ChessBase"]
[SourceDate "2020.10.23"]
[SourceVersion "1"]
[SourceVersionDate "2020.10.23"]
[SourceQuality "1"]
[WhiteTeam "Barcza GSC"]
[BlackTeam "REAC SISE"]
[WhiteTeamCountry "HUN"]
[BlackTeamCountry "HUN"]

1. d4 d5 2. c4 c6 3. Nf3 Nf6 4. Nc3 dxc4 5. a4 Bf5 6. Ne5 Nbd7 7. Nxc4 Nd5 8. f3 e5 9. e4 Nxc3 10. bxc3 Be6 11. Ne3 exd4 12. cxd4 Bb4+ 13. Bd2 Bxd2+ 14. Qxd2 Nf6 15. Bc4 Bxc4 16. Nxc4 0-0 17. 0-0 Qe7 18. a5 Rfd8 19. Rfd1 Rd7 20. Ne5 Rc7 21. Qc3 a6 22. Rab1 Ne8 23. Qc5 Nd6 24. Rbc1 Nb5 25. Qxe7 Rxe7 26. Nc4 f5 27. d5 fxe4 28. d6 Re6 29. d7 Rd8 30. fxe4 Rxe4 31. Nb6 Kf7 32. Rc5 Ke6 33. h4 Nd4 34. g3 Kd6 35. Rg5 g6 36. Kg2 Kc7 37. Rc5 Nb3 38. Rc3 Nxa5 39. Nd5+ Kb8 40. Nf6 Re7 41. g4 Ka7 42. Ra1 b6 43. Kf3 Rf7 44. g5 Rdxd7 45. Re1 Rde7 46. Rd1 c5 47. Rd8 Nc6 48. Rh8 Nd4+ 49. Kg4 a5 50. h5 Ka6 51. h6 a4 52. Ra8+ Kb5 53. Nd5 Re4+ 54. Kg3 Ne2+ 55. Kg2 Nf4+ 0-1

[Event "Budapest-chT1 Lilienthal 1314"]
[Site "Budapest"]
[Date "2013.12.15"]
[Round "5"]
[White "Kozma, Karoly"]
[Black "Kerek, Csaba"]
[Result "1/2-1/2"]
[WhiteElo "2315"]
[BlackElo "2331"]
[PlyCount "52"]
[EventDate "2013.09.29"]
[EventType "team-tourn"]
[EventRounds "11"]
[EventCountry "HUN"]
[SourceTitle "EXT 2021"]
[Source "ChessBase"]
[SourceDate "2020.10.23"]
[SourceVersion "1"]
[SourceVersionDate "2020.10.23"]
[SourceQuality "1"]
[WhiteTeam "SENSE"]
[BlackTeam "Barcza GSC"]
[WhiteTeamCountry "HUN"]
[BlackTeamCountry "HUN"]

1. Nf3 Nf6 2. b3 g6 3. Bb2 Bg7 4. g3 d6 5. Bg2 e5 6. d3 0-0 7. 0-0 Re8 8. c4 c6 9. Nbd2 Nbd7 10. Ne4 Nxe4 11. dxe4 Nc5 12. Nd2 a5 13. a3 b5 14. Qc2 Rb8 15. Rad1 Qb6 16. b4 axb4 17. axb4 Na4 18. Ba1 Be6 19. Rb1 Qa6 20. Rfc1 Nb6 21. c5 dxc5 22. Qxc5 Red8 23. Qc3 Rbc8 24. Nb3 Bxb3 25. Qxb3 Nc4 26. Bc3 Nd2 1/2-1/2

[Event "HUN-chT2 Maroczy 1314"]
[Site "Hungary"]
[Date "2013.11.17"]
[Round "5"]
[White "Rat, Dan Ovidiu"]
[Black "Kerek, Csaba"]
[Result "1/2-1/2"]
[WhiteElo "2292"]
[BlackElo "2331"]
[PlyCount "59"]
[EventDate "2013.09.08"]
[EventType "team-tourn"]
[EventRounds "11"]
[EventCountry "HUN"]
[SourceTitle "EXT 2016"]
[Source "ChessBase"]
[SourceDate "2015.10.08"]
[SourceVersion "1"]
[SourceVersionDate "2015.10.08"]
[SourceQuality "1"]
[WhiteTeam "Kisujszallas"]
[BlackTeam "Szigetszentmiklos"]
[WhiteTeamCountry "HUN"]
[BlackTeamCountry "HUN"]

1. Nf3 Nf6 2. g3 d5 3. c4 g6 4. b3 d4 5. Bb2 c5 6. b4 b6 7. Nxd4 Bb7 8. Nf3 Bxf3 9. exf3 cxb4 10. Qa4+ Qd7 11. Qxb4 Nc6 12. Qa4 Bg7 13. Be2 0-0 14. Nc3 Rac8 15. Nd1 Rfd8 16. d3 Qe6 17. Ne3 Nd7 18. Bxg7 Nc5 19. Qa3 Kxg7 20. 0-0 Nd4 21. Rfe1 Rd7 22. Rad1 Rcd8 23. Qb2 Qf6 24. Kg2 Nxe2 25. Qxf6+ exf6 26. Rxe2 Nxd3 27. Kf1 Nb4 28. Rxd7 Rxd7 29. Rb2 Na6 30. Ke2 1/2-1/2

[Event "Budapest-chT1 Lilienthal 1314"]
[Site "Budapest"]
[Date "2013.10.13"]
[Round "2"]
[White "Kerek, Csaba"]
[Black "Lukacs, Daniel"]
[Result "1-0"]
[WhiteElo "2331"]
[BlackElo "2078"]
[PlyCount "103"]
[EventDate "2013.09.29"]
[EventType "team-tourn"]
[EventRounds "11"]
[EventCountry "HUN"]
[SourceTitle "EXT 2021"]
[Source "ChessBase"]
[SourceDate "2020.10.23"]
[SourceVersion "1"]
[SourceVersionDate "2020.10.23"]
[SourceQuality "1"]
[WhiteTeam "Barcza GSC"]
[BlackTeam "Budapest HUSI II"]
[WhiteTeamCountry "HUN"]
[BlackTeamCountry "HUN"]

1. d4 Nf6 2. c4 e6 3. Nf3 b6 4. a3 Bb7 5. Nc3 d5 6. Bg5 Be7 7. Qa4+ c6 8. Bxf6 Bxf6 9. cxd5 exd5 10. g3 0-0 11. Rd1 Nd7 12. Bh3 b5 13. Qc2 Nb6 14. 0-0 Bc8 15. Bg2 g6 16. e4 Be6 17. exd5 Nxd5 18. Ne4 Rc8 19. Ne5 Bg7 20. Nc5 Re8 21. Rfe1 Bf5 22. Qb3 Bxe5 23. dxe5 Qb6 24. Rc1 Be6 25. Qf3 Qc7 26. h4 h5 27. Nxe6 fxe6 28. Rc5 Rf8 29. Qe4 Qf7 30. f4 Ne7 31. Rd1 Rcd8 32. Rd6 Nf5 33. Rxd8 Rxd8 34. Kh2 Rd4 35. Qxc6 Qe7 36. Qxb5 Nxh4 37. Qb8+ Rd8 38. Rc8 Rxc8 39. Qxc8+ Kg7 40. Qb7 Qxb7 41. Bxb7 Nf5 42. Be4 Ne3 43. b4 g5 44. a4 g4 45. a5 Nf1+ 46. Kg2 Nd2 47. Bd3 Nb3 48. Bc4 Nd4 49. b5 Kf7 50. a6 Ke7 51. b6 Nc6 52. Bb5 1-0

[Event "Budapest-chT1 Lilienthal 1213"]
[Site "Budapest"]
[Date "2013.05.05"]
[Round "11"]
[White "Kerek, Csaba"]
[Black "Radnai, Adam"]
[Result "1/2-1/2"]
[WhiteElo "2359"]
[BlackElo "2274"]
[PlyCount "25"]
[EventDate "2012.09.30"]
[EventType "team-tourn"]
[EventRounds "11"]
[EventCountry "HUN"]
[SourceTitle "EXT 2019"]
[Source "ChessBase"]
[SourceDate "2018.10.10"]
[SourceVersion "1"]
[SourceVersionDate "2018.10.10"]
[SourceQuality "1"]
[WhiteTeam "Barcza GSC"]
[BlackTeam "Budapest RAC"]
[WhiteTeamCountry "HUN"]
[BlackTeamCountry "HUN"]

1. d4 Nf6 2. c4 g6 3. Nc3 Bg7 4. e4 d6 5. Nf3 0-0 6. Be2 Bg4 7. Be3 Nfd7 8. 0-0 Nc6 9. d5 Bxf3 10. Bxf3 Na5 11. Be2 Bxc3 12. bxc3 e5 13. Qa4 1/2-1/2

[Event "HUN-chT 1213"]
[Site "Hungary"]
[Date "2013.02.17"]
[Round "7"]
[White "Soos, Arpad"]
[Black "Kerek, Csaba"]
[Result "1-0"]
[WhiteElo "2384"]
[BlackElo "2359"]
[PlyCount "49"]
[EventDate "2012.09.16"]
[EventType "team-tourn"]
[EventRounds "9"]
[EventCountry "HUN"]
[SourceTitle "EXT 2014"]
[Source "ChessBase"]
[SourceDate "2013.11.20"]
[SourceVersion "1"]
[SourceVersionDate "2013.11.20"]
[SourceQuality "1"]
[WhiteTeam "Toth Laszlo"]
[BlackTeam "BEAC"]
[WhiteTeamCountry "HUN"]
[BlackTeamCountry "HUN"]

1. e4 c5 2. Nf3 Nc6 3. d4 cxd4 4. Nxd4 Nf6 5. Nc3 e6 6. Be3 Bb4 7. Bd3 d5 8. Nxc6 bxc6 9. e5 d4 10. exf6 dxe3 11. fxg7 exf2+ 12. Kf1 Rg8 13. Qf3 Bb7 14. Ne4 Be7 15. Rd1 Qd4 16. c3 Qxg7 17. Bc4 Qe5 18. Kxf2 f5 19. Qh5+ Rg6 20. Rhe1 Qf4+ 21. Kg1 fxe4 22. Bxe6 Qf3 23. Qxg6+ hxg6 24. gxf3 exf3 25. Bg4 1-0

[Event "HUN-chT 1213"]
[Site "Hungary"]
[Date "2012.12.02"]
[Round "5"]
[White "Kerek, Csaba"]
[Black "Aczel, Gergely"]
[Result "1/2-1/2"]
[WhiteElo "2359"]
[BlackElo "2431"]
[PlyCount "156"]
[EventDate "2012.09.16"]
[EventType "team-tourn"]
[EventRounds "9"]
[EventCountry "HUN"]
[SourceTitle "EXT 2014"]
[Source "ChessBase"]
[SourceDate "2013.11.20"]
[SourceVersion "1"]
[SourceVersionDate "2013.11.20"]
[SourceQuality "1"]
[WhiteTeam "BEAC"]
[BlackTeam "MLTC"]
[WhiteTeamCountry "HUN"]
[BlackTeamCountry "HUN"]

1. d4 Nf6 2. c4 e6 3. Nf3 c5 4. d5 b5 5. dxe6 fxe6 6. cxb5 d5 7. e3 Bd6 8. Be2 0-0 9. 0-0 Bb7 10. Nbd2 Qc7 11. Nb3 e5 12. Ng5 Re8 13. f4 c4 14. Nd2 h6 15. Nh3 e4 16. Nb1 Nbd7 17. Bd2 Nc5 18. Bc3 Nfd7 19. Bh5 Rf8 20. Na3 Nd3 21. Nc2 Bc5 22. Nd4 Nf6 23. Bg6 Bc8 24. f5 Bd6 25. g3 Bxg3 26. Qe2 Be5 27. Kh1 Bd7 28. Ne6 Bxe6 29. fxe6 Bxc3 30. bxc3 Qe5 31. Bf7+ Kh8 32. Nf4 Nxf4 33. Rxf4 Qxc3 34. Raf1 Rxf7 35. exf7 Qd3 36. Qf2 Qc3 37. Qh4 Kh7 38. Rxf6 gxf6 39. Rxf6 Qc1+ 40. Kg2 Qd2+ 41. Rf2 Qc3 42. Qh5 Rf8 43. Qxd5 Qxe3 44. Qxc4 Qg5+ 45. Kh1 Qg6 46. Qd4 Rxf7 47. Rxf7+ Qxf7 48. Qxe4+ Kh8 49. Qd4+ Kh7 50. Qd3+ Kh8 51. a4 Qf6 52. Kg2 Qg5+ 53. Kf3 Qh5+ 54. Ke4 Qh4+ 55. Kd5 Qxh2 56. Qd4+ Kg8 57. Qxa7 Qg2+ 58. Kd6 Qg3+ 59. Kc6 Qf3+ 60. Kb6 h5 61. Qb8+ Kf7 62. Qc7+ Kg8 63. a5 Qf2+ 64. Kb7 h4 65. a6 Qf3+ 66. Ka7 Qe3+ 67. b6 h3 68. Ka8 Qe8+ 69. Ka7 Qe3 70. Qd6 Kg7 71. Ka8 Qe8+ 72. Ka7 Qe3 73. Ka8 Qe8+ 74. Qb8 Qxb8+ 75. Kxb8 h2 76. a7 h1Q 77. a8Q Qh2+ 78. Ka7 Qa2+ 1/2-1/2

[Event "HUN-chT 1213"]
[Site "Hungary"]
[Date "2012.09.16"]
[Round "1"]
[White "Csirik, Andras"]
[Black "Kerek, Csaba"]
[Result "1-0"]
[WhiteElo "2313"]
[BlackElo "2359"]
[PlyCount "61"]
[EventDate "2012.09.16"]
[EventType "team-tourn"]
[EventRounds "9"]
[EventCountry "HUN"]
[SourceTitle "EXT 2013"]
[Source "ChessBase"]
[SourceDate "2012.11.22"]
[SourceVersion "1"]
[SourceVersionDate "2012.11.22"]
[SourceQuality "1"]
[WhiteTeam "Mako"]
[BlackTeam "BEAC"]
[WhiteTeamCountry "HUN"]
[BlackTeamCountry "HUN"]

1. e4 Nf6 2. e5 Nd5 3. d4 d6 4. c4 Nb6 5. exd6 cxd6 6. Nc3 g6 7. Be3 Bg7 8. Rc1 Nc6 9. Be2 0-0 10. Nf3 Bg4 11. b3 e5 12. d5 Bxf3 13. Bxf3 Nd4 14. 0-0 Nxf3+ 15. Qxf3 f5 16. c5 e4 17. Qe2 Nd7 18. c6 Ne5 19. cxb7 Rb8 20. Qa6 Nf3+ 21. Kh1 Nxh2 22. Kxh2 f4 23. Bxa7 f3 24. g3 Be5 25. Rh1 Qg5 26. Rc2 Rf4 27. Kg1 Rg4 28. Rh3 Bxg3 29. Rxg3 Rxg3+ 30. fxg3 Qxg3+ 31. Kf1 1-0

[Event "HUN-chT 1112"]
[Site "Hungary"]
[Date "2012.03.25"]
[Round "8"]
[White "Sipos, Istvan"]
[Black "Kerek, Csaba"]
[Result "0-1"]
[WhiteElo "2452"]
[BlackElo "2348"]
[PlyCount "118"]
[EventDate "2011.09.25"]
[EventType "team-tourn"]
[EventRounds "11"]
[EventCountry "HUN"]
[SourceTitle "EXT 2013"]
[Source "ChessBase"]
[SourceDate "2012.11.22"]
[SourceVersion "1"]
[SourceVersionDate "2012.11.22"]
[SourceQuality "1"]
[WhiteTeam "MLTC"]
[BlackTeam "Tatai Honved"]
[WhiteTeamCountry "HUN"]
[BlackTeamCountry "HUN"]

1. c4 Nf6 2. Nc3 g6 3. e4 d6 4. d4 Bg7 5. Nf3 0-0 6. Be2 e5 7. d5 Nbd7 8. Bg5 a5 9. Nd2 Nc5 10. 0-0 Bd7 11. b3 Qe8 12. a3 h5 13. Rb1 Nh7 14. Be3 b6 15. b4 axb4 16. axb4 Na4 17. Nxa4 Bxa4 18. Qc1 f5 19. f3 b5 20. c5 f4 21. Bf2 g5 22. Qc3 Qg6 23. Rfc1 Rf7 24. cxd6 cxd6 25. Qc6 Rb8 26. Qa6 Bf8 27. Rc8 Rbb7 28. h3 Rbd7 29. Rbc1 Nf6 30. R1c6 Kg7 31. Qa8 g4 32. Kf1 gxh3 33. gxh3 h4 34. Rb8 Nh5 35. Rcc8 Ng3+ 36. Ke1 Rc7 37. Bxb5 Rxc8 38. Bxa4 Rc1+ 39. Bd1 Nh1 40. Nb3 Nxf2 41. Nxc1 Qg1+ 42. Ke2 Nh1 43. Ba4 Qxc1 44. Rb7 Qe3+ 45. Kd1 Qxf3+ 46. Kc1 Qc3+ 47. Kb1 Qe1+ 48. Kb2 Qd2+ 49. Kb3 Qd3+ 50. Kb2 Qxe4 51. Rxf7+ Kxf7 52. Qe8+ Kg7 53. Bc2 Qxb4+ 54. Kc1 Qb7 55. Qg6+ Kh8 56. Bf5 Qg7 57. Qh5+ Qh6 58. Qf7 Ng3 59. Bh7 Qg7 0-1